A practical guide to research methods (Record no. 36846)

MARC details
000 -LEADER
fixed length control field 01163cam a2200325 a 4500
001 - CONTROL NUMBER
control field 15676190
005 - DATE AND TIME OF LATEST TRANSACTION
control field 20090327070634.0
006 - FIXED-LENGTH DATA ELEMENTS--ADDITIONAL MATERIAL CHARACTERISTICS--GENERAL INFORMATION
fixed length control field m d
007 - PHYSICAL DESCRIPTION FIXED FIELD--GENERAL INFORMATION
fixed length control field cr |||||||||||
008 - FIXED-LENGTH DATA ELEMENTS--GENERAL INFORMATION
fixed length control field 070529s2007 enk esb 001 0 eng d
010 ## - LIBRARY OF CONGRESS CONTROL NUMBER
LC control number 2009659371
020 ## - INTERNATIONAL STANDARD BOOK NUMBER
International Standard Book Number 9786611253967
020 ## - INTERNATIONAL STANDARD BOOK NUMBER
Cancelled/invalid ISBN 1845282302 (Paper)
020 ## - INTERNATIONAL STANDARD BOOK NUMBER
Cancelled/invalid ISBN 1848032234 (electronic bk.)
035 ## - SYSTEM CONTROL NUMBER
System control number (UK-RwCLS)cis8300479
037 ## - SOURCE OF ACQUISITION
Stock number 125396
Source of stock number/acquisition MIL
040 ## - CATALOGING SOURCE
Original cataloging agency UK-RwCLS
Transcribing agency UK-RwCLS
Modifying agency DLC
042 ## - AUTHENTICATION CODE
Authentication code lccopycat
050 00 - LIBRARY OF CONGRESS CALL NUMBER
Classification number Q180.55.D39 2006
100 1# - MAIN ENTRY--PERSONAL NAME
Personal name Dawson, Catherine.
245 12 - TITLE STATEMENT
Title A practical guide to research methods
Remainder of title a user-friendly manual for mastering research techniques and projects /
Statement of responsibility, etc Catherine Dawson.
250 ## - EDITION STATEMENT
Edition statement 2nd ed.
260 ## - PUBLICATION, DISTRIBUTION, ETC. (IMPRINT)
Place of publication, distribution, etc Oxford :
Name of publisher, distributor, etc How To Books,
Date of publication, distribution, etc 2006.
300 ## - PHYSICAL DESCRIPTION
Extent x,165 p.
Dimensions 22cm
504 ## - BIBLIOGRAPHY, ETC. NOTE
Bibliography, etc Includes bibliographical references and index.
650 #0 - SUBJECT ADDED ENTRY--TOPICAL TERM
Topical term or geographic name as entry element Research
General subdivision Methodology.
906 ## - LOCAL DATA ELEMENT F, LDF (RLIN)
a 7
b cbc
c copycat
d u
e ncip
f 20
g y-gencatlg
942 ## - ADDED ENTRY ELEMENTS (KOHA)
Source of classification or shelving scheme Library of Congress Classification
Item type Book
Holdings
Withdrawn status Lost status Source of classification or shelving scheme Damaged status Not for loan Collection code Home library Current library Shelving location Date acquired Source of acquisition Total Checkouts Total Renewals Full call number Barcode Date last seen Date last borrowed Copy number Price effective from Koha item type
    Library of Congress Classification     Non-fiction Bishop Okullu Memorial Library (Limuru Campus) Bishop Okullu Memorial Library (Limuru Campus) General Circulation 14/01/2011 purchase 63 7 Q180.55.D39 2006 024317 10/12/2025 09/12/2025 1 14/01/2011 Book